| 000 -CABECERA |
| campo de control de longitud fija |
00957nam a2200373Ia 4500 |
| 001 - NÚMERO DE CONTROL |
| campo de control |
2046 |
| 008 - DATOS DE LONGITUD FIJA--INFORMACIÓN GENERAL |
| campo de control de longitud fija |
191123s9999 xx 000 0 und d |
| 020 ## - NÚMERO INTERNACIONAL ESTÁNDAR DEL LIBRO |
| Número Internacional Estándar del Libro |
9509837059 |
| 041 ## - CÓDIGO DE LENGUA |
| Código de lengua del texto/banda sonora o título independiente |
eng |
| 041 ## - CÓDIGO DE LENGUA |
| Código de lengua del texto/banda sonora o título independiente |
spa |
| 044 ## - CÓDIGO DEL PAÍS DE LA ENTIDAD EDITORA/PRODUCTORA |
| Código MARC del país |
ag |
| 100 ## - ENTRADA PRINCIPAL--NOMBRE DE PERSONA |
| Nombre de persona |
Priamo, Luis |
| 245 #0 - MENCIÓN DE TÍTULO |
| Título |
Los años del daguerrotipo : |
| Resto del título |
primeras fotografías argentinas, 1843-1870. |
| 260 ## - PUBLICACIÓN, DISTRIBUCIÓN, ETC. |
| Lugar de publicación, distribución, etc. |
Buenos Aires : |
| Nombre del editor, distribuidor, etc. |
Fundación Antorchas, |
| Fecha de publicación, distribución, etc. |
1995. |
| 300 ## - DESCRIPCIÓN FÍSICA |
| Extensión |
107 p. |
| 500 ## - NOTA GENERAL |
| Nota general |
Trae notas biográficas de los principales daguerrotipistas. Ejemplar numerado 1219/2000 |
| 650 ## - PUNTO DE ACCESO ADICIONAL DE MATERIA--TÉRMINO DE MATERIA |
| Término de materia o nombre geográfico como elemento de entrada |
ARGENTINA |
| 650 ## - PUNTO DE ACCESO ADICIONAL DE MATERIA--TÉRMINO DE MATERIA |
| Término de materia o nombre geográfico como elemento de entrada |
DAGUERROTIPOS |
| 650 ## - PUNTO DE ACCESO ADICIONAL DE MATERIA--TÉRMINO DE MATERIA |
| Término de materia o nombre geográfico como elemento de entrada |
FOTOGRAFIAS |
| 650 ## - PUNTO DE ACCESO ADICIONAL DE MATERIA--TÉRMINO DE MATERIA |
| Término de materia o nombre geográfico como elemento de entrada |
RETRATOS |
| 648 ## - PUNTO DE ACCESO ADICIONAL DE MATERIA--TÉRMINO CRONOLÓGICO |
| Término cronológico |
1843-1870 |
| 700 ## - PUNTO DE ACCESO ADICIONAL--NOMBRE DE PERSONA |
| Nombre de persona |
Adelman, Jeremy |
| 700 ## - PUNTO DE ACCESO ADICIONAL--NOMBRE DE PERSONA |
| Nombre de persona |
Cuarterolo, Miguel Angel, |
| 902 ## - ELEMENTOS DE DATOS B LOCAL, LDB (RLIN) |
| a |
M |
| 903 ## - ELEMENTOS DE DATOS C LOCAL, LDC (RLIN) |
| a |
m |
| 904 ## - ELEMENTOS DE DATOS D LOCAL, LDD (RLIN) |
| a |
m |
| 907 ## - ELEMENTOS DE DATOS G LOCAL, LDG (RLIN) |
| a |
Impreso |
| 908 ## - COLOCAR PARÁMETRO DE COMANDO (RLIN) |
| Colocar parámetro de comando |
1843 |
| 909 ## - |
| -- |
1870 |
| 911 ## - EQUIVALENCIA O REFERENCIA-CRUZADA-NOMBRE DE CONFERENCIA O REUNIÓN/CONGRESO [LOCAL, CANADÁ] |
| Nombre de congreso/reunión o jurisdicción como elemento de entrada |
ilus. color y b/n; 24 X 26 cm |
| 912 ## - |
| -- |
1995 |
| 942 ## - ELEMENTOS DE PUNTO DE ACCESO ADICIONAL (KOHA) |
| Tipo de ítem Koha |
Libro |